| 000 | 00546nam a2200169 4500 | ||
|---|---|---|---|
| 001 | 126546 | ||
| 003 | ES-MaACL | ||
| 005 | 20230906192835.0 | ||
| 007 | t| | ||
| 008 | 070214s1932 sz r ||||1| eng d | ||
| 245 | 0 | 0 |
_aReport on progress in Chinese finances _b: Nanking, August 5 1932. |
| 260 |
_aGeneve : _bSonor, _c1932. |
||
| 300 |
_a20 p. ; _c21 x 14 cm. |
||
| 500 | _aPrecede al tít.: Ministry of Finance of the Republic of China. | ||
| 710 | 1 |
_aChina (República de China). _bMinistry of Finance. _92804 |
|
| 852 |
_aES-MaACL _j1774-F-6 |
||
| 999 |
_c126546 _d126546 |
||